|
|
|
|
| LEADER |
00000nam0a2200000 4500 |
| 001 |
349052 |
| 005 |
20231102010151.0 |
| 035 |
|
|
|a (RuTPU)RU\TPU\retro\1007
|
| 090 |
|
|
|a 349052
|
| 100 |
|
|
|a 20180409d1975 k y0rusy50 ca
|
| 101 |
0 |
|
|a rus
|
| 102 |
|
|
|a RU
|
| 105 |
|
|
|a a dm 001zy
|
| 200 |
1 |
|
|a Исследование структуры трехмерных турбулентных струй несжимаемой жидкости
|e диссертация на соискание ученой степени кандидата физико-математических наук
|e Спец. 01.04.14
|f А. Агулыков
|g Казахский государственный университет (КазГУ) ; науч. рук. Л. А. Вулис, К. Е. Джаугаштин
|
| 210 |
|
|
|a Алма-Ата
|c [Б. и.]
|d 1975
|
| 215 |
|
|
|a 23 с.
|c ил.
|
| 300 |
|
|
|a Защита сост. 2 июня 1975 г.
|
| 320 |
|
|
|a Библиогр.: с. 23 (5 назв.)
|
| 606 |
1 |
|
|a Турбулентных струй теория
|2 stltpush
|3 (RuTPU)RU\TPU\subj\59507
|9 77023
|
| 610 |
1 |
|
|a турбулентные струи
|
| 610 |
1 |
|
|a экспериментальные установки
|
| 610 |
1 |
|
|a измерения
|
| 610 |
1 |
|
|a погрешности
|
| 610 |
1 |
|
|a аэродинамика
|
| 610 |
1 |
|
|a низкочастотные колебания
|
| 610 |
1 |
|
|a пульсационная структура
|
| 610 |
1 |
|
|a скорость
|
| 610 |
1 |
|
|a температура
|
| 610 |
1 |
|
|a авторефераты диссертаций
|
| 675 |
|
|
|a 532.51(048)
|v 4
|
| 686 |
|
|
|a 01.04.14
|2 oksvnk
|
| 700 |
|
1 |
|a Агулыков
|b А.
|g Айдар
|
| 702 |
|
1 |
|a Вулис
|b Л. А.
|4 727
|
| 702 |
|
1 |
|a Джаугаштин
|b К. Е.
|4 727
|
| 712 |
0 |
2 |
|a Казахский государственный университет (КазГУ)
|c (Алма-Ата)
|2 stltpush
|3 (RuTPU)RU\TPU\col\8922
|
| 801 |
|
1 |
|a RU
|b 63413507
|c 20180409
|
| 801 |
|
2 |
|a RU
|b 63413507
|c 20180411
|g RCR
|
| 942 |
|
|
|c BK
|